00899cam a22002171 45000010005000000030008000050050017000130080041000300350018000710350019000890400032001080410008001400820019001481000043001672450060002102600101002703000030003715000205004016000060006066500015006662419BD-RjUL20211208233540.0160616s1935 nyuc 001 0 eng  a(BD-RjUL)2446 a(OCoLC)2145172 aDLCcArCCAdOCoLCdDLCbeng aeng a330bDAE 1935 1 aDavenport, Herbert Joseph,d1861-1931.14aThe economics of Alfred Marshall / cby H.J. Davenport  aIthaca, N.Y. :bCornell University Press;aLondon :bH. Milford, Oxford University Press,c1935. a 481 p. :bill. ;c24 cm. a"Prepared for publication by a committee of the department of economics of Cornell University, consisting of Paul T. Homan and M. Slade Kendrick, in collaboration with Margaret F. Milliken"--Foreword.10aMarshall, Alfred,d1842-1924.tPrinciples of economics. 0aEconomics.